| 000 | 00602cam a22002052 4500 | ||
|---|---|---|---|
| 001 | 0000012824 | ||
| 005 | 20151217155852.0 | ||
| 008 | 090322s xx 000 0 eng d | ||
| 040 |
_aKABU _cKABU |
||
| 245 | 1 | 4 |
_aThe Kenya manual 1924 / _cEast African Standard. |
| 250 | _a1st ed. | ||
| 260 |
_aNairobi : _bE. A. S., _c[1924] |
||
| 300 | _a256 p. | ||
| 500 | _aReprinted from "Red book". | ||
| 651 | 0 |
_aKenya _xHistory. _@0000148727 |
|
| 710 | 2 |
_aEast African Standard. _@0000169777 |
|
| 852 | 1 | _9p400 KES | |
| 908 | _a090322 | ||
| 950 | _@1 | ||
| 999 |
_c13517 _d13517 |
||